MARC details
| 000 -LEADER |
| fixed length control field |
01819cab a22003255a 4500 |
| 001 - CONTROL NUMBER |
| control field |
L140083 |
| 008 - FIXED-LENGTH DATA ELEMENTS--GENERAL INFORMATION |
| fixed length control field |
070904s2007 xxk f 000 0 eng d |
| 035 ## - SYSTEM CONTROL NUMBER |
| System control number |
(Sirsi) u140083 |
| 041 0# - LANGUAGE CODE |
| Language code of text/sound track or separate title |
eng |
| 100 1# - MAIN ENTRY--PERSONAL NAME |
| Personal name |
Sams, Gary |
| 245 00 - TITLE STATEMENT |
| Title |
Law briefing |
| Remainder of title |
compulsory purchase and compensation update |
| -- |
2007 |
| 260 ## - PUBLICATION, DISTRIBUTION, ETC. |
| Date of publication, distribution, etc. |
2007 |
| 490 #0 - SERIES STATEMENT |
| Series statement |
Journal of Property Investment and Finance |
| Volume/sequential designation |
25(4) 2007, 410-415(2) |
| 520 ## - SUMMARY, ETC. |
| Summary, etc. |
Reviews two key compensation cases of the last 12 months. "Crowley and Jarvis v Liverpool PSDA Ltd and Liverpool City Council" ([2007] EWLands ACQ/47/2005, L138709) deals with all aspects of a disturbance claim, including backing a method to assessing compensation for goodwill which questions the traditional method, preferred by the tribunal for time immemorial. "Moto Hospitality Ltd v Highways Agency" ([2006] EWLands LCA/122/2005) is an unusual example of a successful claim under the Compulsory Purchase Act 1965 s10, culminating in a substantial entitlement to compensation. |
| 590 ## - LOCAL NOTE (RLIN) |
| Local note |
KA |
| 650 24 - SUBJECT ADDED ENTRY--TOPICAL TERM |
| Topical term or geographic name entry element |
CROWLEY AND ANOTHER V LIVERPOOL PSDA AND ANOTHER |
| 650 24 - SUBJECT ADDED ENTRY--TOPICAL TERM |
| Topical term or geographic name entry element |
MOTO HOSPITALITY LTD V HIGHWAYS AGENCY |
| 650 24 - SUBJECT ADDED ENTRY--TOPICAL TERM |
| Topical term or geographic name entry element |
DIRECTOR OF BUILDINGS AND LANDS V SHUN FUNG IRONWORKS LTD |
| 650 24 - SUBJECT ADDED ENTRY--TOPICAL TERM |
| Topical term or geographic name entry element |
BEDE DISTRIBUTORS LTD V NEWCASTLE UPON TYNE CORPORATION |
| 650 24 - SUBJECT ADDED ENTRY--TOPICAL TERM |
| Topical term or geographic name entry element |
KWIK SAVE STORES LTD V STOCKTON ON TEES BC |
| 650 24 - SUBJECT ADDED ENTRY--TOPICAL TERM |
| Topical term or geographic name entry element |
OPTICAL EXPRESS (SOUTHERN) LTD V BIRMINGHAM CITY COUNCIL |
| 650 24 - SUBJECT ADDED ENTRY--TOPICAL TERM |
| Topical term or geographic name entry element |
METROPOLITAN BOARD OF WORKS V MCCARTHY |
| 650 24 - SUBJECT ADDED ENTRY--TOPICAL TERM |
| Topical term or geographic name entry element |
JOLIFFE V EXETER CORPORATION |
| 650 24 - SUBJECT ADDED ENTRY--TOPICAL TERM |
| Topical term or geographic name entry element |
BENJAMIN V STORR |
| 650 24 - SUBJECT ADDED ENTRY--TOPICAL TERM |
| Topical term or geographic name entry element |
CALEDONIAN RAILWAY CO V WALKER'S TRUSTEES |
| 650 24 - SUBJECT ADDED ENTRY--TOPICAL TERM |
| Topical term or geographic name entry element |
COMPULSORY PURCHASE ACT 1965 S10 |
| 651 #4 - SUBJECT ADDED ENTRY--GEOGRAPHIC NAME |
| Geographic name |
England and Wales |
| Chronological subdivision |
1543- |
| 690 ## - LOCAL SUBJECT ADDED ENTRY--TOPICAL TERM (OCLC, RLIN) |
| Topical term or geographic name as entry element |
ENVIRONMENTAL AND LAND CONSULTANCY-PLANNING AND DEVELOPMENT-COMPULSORY PURCHASE AND COMPENSATION |
| 942 ## - ADDED ENTRY ELEMENTS (KOHA) |
| Suppress in OPAC |
0 |